Countries Two Borders Away From Brazil - Statistics

General Stats
  • This quiz has been taken 56 times
  • The average score is 10 of 11
Answer Stats
Answer % Correct
Panama
96%
Ecuador
94%
Chile
91%
Belgium
89%
Germany
89%
Italy
89%
Spain
89%
Andorra
87%
Luxembourg
87%
Switzerland
87%
Monaco
83%
No matching quizzes found
Score Distribution
Percent of People with Each Score
Percentile by Number Answered
Your Score History
You have not taken this quiz